Destination Tokyo : b a famous diplomatic correspondent's urgent warning to the West about tomorrow in Asia
Saved in:
| Main Author: | |
|---|---|
| Format: | Book |
| Language: | Undetermined |
| Published: |
London
Odhams Books
1965
|
| Tags: |
Add Tag
No Tags, Be the first to tag this record!
|
| Institutions: | Trung tâm Học liệu Trường Đại học Cần Thơ |
|---|
| LEADER | 00532nam a2200181Ia 4500 | ||
|---|---|---|---|
| 001 | CTU_91275 | ||
| 008 | 210402s9999 xx 000 0 und d | ||
| 082 | |a 915.9 | ||
| 082 | |b B595 | ||
| 100 | |a Bilainkin, George | ||
| 245 | 0 | |a Destination Tokyo : | |
| 245 | 0 | |b b a famous diplomatic correspondent's urgent warning to the West about tomorrow in Asia | |
| 245 | 0 | |c George Bilainkin | |
| 260 | |a London | ||
| 260 | |b Odhams Books | ||
| 260 | |c 1965 | ||
| 904 | |i Bằng | ||
| 980 | |a Trung tâm Học liệu Trường Đại học Cần Thơ | ||